| 000 | 00615nam a2200217 a 4500 | ||
|---|---|---|---|
| 005 | 20210219153343.0 | ||
| 008 | 991125n 000 0 spa u | ||
| 035 | _aUPN01000093348 | ||
| 100 | _aGALVAN RAMIREZ, Francisco | ||
| 222 | _aDIFUSION EDUCATIVA | ||
| 245 | _aLa práctica docente: ¿una actividad rutinaria o innovadora? | ||
| 260 | _a(Tamaulipas, México) | ||
| 300 | _a15-16 | ||
| 362 | _a1995 Año 5, no. 11, dic. | ||
| 653 | 0 | _aAPRENDIZAJE | |
| 653 | 0 | _aFORMACION DOCENTE | |
| 653 | 0 | _aPRACTICA DOCENTE | |
| 653 | 0 | _aPROFESIONALIZACION DOCENTE | |
| 904 |
_aAC _b031159 |
||
| 905 | _aArticulo | ||
| 999 |
_c74670 _d74670 |
||